Getafe CF Squad 2017-2018 - Statistics

General Stats
  • This quiz has been taken 20 times
  • The average score is 16 of 29
Answer Stats
# Position Nation Player % Correct
2 DF Togo Djené
100%
23 FW Senegal Amath Ndiaye
86%
22 DF Uruguay Damián Suárez
86%
10 MF Japan Gaku Shibasaki
86%
- Coach Spain José Bordalás
86%
17 DF Uruguay Mathí­as Olivera
86%
9 FW Spain Ángel Rodríguez
71%
19 FW Spain Jorge Molina
71%
6 DF Uruguay Leandro Cabrera
71%
18 MF Uruguay Mauro Arambarri
71%
8 MF Algeria Mehdi Lacen
71%
3 DF Portugal Vitorino Antunes
71%
4 DF Spain Bruno González
57%
1 GK Argentina Emiliano Martínez
57%
21 MF Morocco Fayçal Fajr
57%
13 GK Spain Vicente Guaita
57%
7 FW Spain Álvaro Jiménez
43%
12 MF Spain Francisco Portillo
43%
16 DF Spain Juan Cala
43%
11 FW France Loïc Rémy
43%
5 MF Spain Markel Bergara
43%
8 MF France Mathieu Flamini
43%
14 MF Spain Sergio Mora
43%
11 FW Spain Chuli
29%
20 FW Spain Dani Pacheco
29%
15 DF Spain Francisco Molinero
29%
24 FW Ecuador Jefferson Montero
29%
6 DF Argentina Nicolás Gorosito
29%
25 GK Serbia Filip Manojlović
14%
No matching quizzes found
Score Distribution
Percent of People with Each Score
Percentile by Number Answered
Your Score History
You have not taken this quiz